00373nam a22001217a 4500082001500000100003000015245005000045260004200095300000900137520003500146650005900181700001100240 a543.08 MOD aModern Analytical Methods aTraining Seminar on Modern Analytical Methods aColombobInstitute of chemistryc2003 a[ ] aTraining Seminar 3rd Jan.2003 aseminar reports,packaging materials,industrial outlook aichemc